00359nam a22000977a 4500003000400000008004100004245007200045250005300117260004500170650004600215OSt201218b ||||| |||| 00| 0 eng d aInternational Journal on Information and Communication Technologies a2011(Jan-Jun Vol.4 No.1-2, Jul-Dec Vol.4 No.3-4) aNew DelhibSerials Publication [P] Ltd.  aElectronics and Communication Engineering